Sherlok holmes ; estudio en escarlata /
Guardado en:
| Autor Principal: | |
|---|---|
| Formato: | Libro |
| Publicado: |
Buenos Aires :
Tinta Fresca,
2012
|
| Materias: | |
| Etiquetas: |
Agregar Etiqueta
Sin Etiquetas, Sea el primero en etiquetar este registro!
|
| LEADER | 00938nam a22002055a 4500 | ||
|---|---|---|---|
| 001 | CEM.cems014029 | ||
| 005 | 20130627143508.0 | ||
| 008 | 130507s2012##################000#0#####d | ||
| 003 | CEMS | ||
| 020 | |a 9789875762053 | ||
| 082 | 0 | 4 | |a 823.8 |
| 100 | 1 | |a Doyle, Arthur Conan | |
| 245 | 1 | 0 | |a Sherlok holmes ; estudio en escarlata / |c Arthur Conan Doyle ; ilustrado Por Alberto Pez |
| 260 | |a Buenos Aires : |b Tinta Fresca, |c 2012 | ||
| 300 | |a 64 p. : il. | ||
| 505 | 0 | |a Holmes pensaba que la vida entera es una cadena y que, teniendo a la vista un eslabón, se podía tirar de él hasta que los restantes salieran a la luz. ¿Quién es este hombre enigmático, enamorado de su propia genialidad, que toca el violín, es experto en química y astronomía y lo sabe todo acerca de criminología? | |
| 653 | |a Literatura | ||
| 653 | |a Literatura inglesa | ||
| 653 | |a Literatura juvenil | ||
| 859 | |a CEMS |b BIB. CEMS - 11 de abril |h 823.8 |i D772-4 |p 26671.13 |t Ej.1 | ||
